000 nam a22 7a 4500
999 _c10151
_d10151
008 180212b ||||| |||| 00| 0 eng d
100 _96162
_aJOSHI.J
245 _aSEARCH
260 _aNEW DELHI
_bNCERT
_c2015